| 000 | 00408nam a2200157Ia 4500 | ||
|---|---|---|---|
| 003 | IQ-KOUCL | ||
| 041 | _aKurdish | ||
| 082 | _a302,2 cut-949 ر | ||
| 100 | _a20260118u\\\\\\\\\\\y0engy0103\\\\ba | ||
| 100 | _aد.هێرش رەسوڵ | ||
| 245 | 0 | _aراگەیاندنى نیشتمانیى | |
| 250 | _aچ1 | ||
| 260 |
_bجابخانەى حەمدى _aسلێمانى _c2019 |
||
| 300 | _a137 | ||
| 942 | _cBk | ||
| 999 |
_c186186 _d186186 |
||